POWER ELECTRONICS, DEVICES, DRIVERS AND APPLICATIONS (Record no. 573888)
[ view plain ]
| 000 -LEADER | |
|---|---|
| fixed length control field | 00350nam a22001337a 4500 |
| 020 ## - INTERNATIONAL STANDARD BOOK NUMBER | |
| International Standard Book Number | 0-333-39661-8 |
| 082 ## - DEWEY DECIMAL CLASSIFICATION NUMBER | |
| Classification number | 621.38152 WIL |
| 100 ## - MAIN ENTRY--PERSONAL NAME | |
| Personal name | WILLIAMS, B.W |
| 9 (RLIN) | 65774 |
| 245 ## - TITLE STATEMENT | |
| Title | POWER ELECTRONICS, DEVICES, DRIVERS AND APPLICATIONS |
| 260 ## - PUBLICATION, DISTRIBUTION, ETC. | |
| Place of publication, distribution, etc. | HONG KONG |
| Name of publisher, distributor, etc. | MACMILLAN |
| Date of publication, distribution, etc. | 1987 |
| 300 ## - PHYSICAL DESCRIPTION | |
| Extent | XIV,337P |
| 650 ## - SUBJECT ADDED ENTRY--TOPICAL TERM | |
| Topical term or geographic name entry element | POWER ELECTRONICS |
| 9 (RLIN) | 2000 |
| 942 ## - ADDED ENTRY ELEMENTS (KOHA) | |
| Koha item type | Book |
| Withdrawn status | Lost status | Damaged status | Not for loan | Permanent Location | Current Location | Shelving location | Date acquired | Total Checkouts | Full call number | Barcode | Date last seen | Price effective from | Koha item type |
|---|---|---|---|---|---|---|---|---|---|---|---|---|---|
| College of Electrical & Mechanical Engineering (CEME) | College of Electrical & Mechanical Engineering (CEME) | General Stacks | 07/28/2017 | 621.38152 WIL | CEME-22437 | 06/28/2021 | 06/28/2021 | Book |
